Demonstrating conceptual clustering in autobiographical memory with voluntary recall task: More evidence for the conceptual organization view / (Record no. 361835)
[ view plain ]
| 000 -LEADER | |
|---|---|
| fixed length control field | 00676nam a2200181Ia 4500 |
| 008 - FIXED-LENGTH DATA ELEMENTS--GENERAL INFORMATION | |
| fixed length control field | 190511s9999 xx 000 0 und d |
| 100 ## - MAIN ENTRY--PERSONAL NAME | |
| Personal name | Mace, John H. |
| 245 ## - TITLE STATEMENT | |
| Title | Demonstrating conceptual clustering in autobiographical memory with voluntary recall task: More evidence for the conceptual organization view / |
| 245 ## - TITLE STATEMENT | |
| Statement of responsibility, etc | John H. Mace and Austin J. Hall.-- |
| 260 ## - PUBLICATION, DISTRIBUTION, ETC. (IMPRINT) | |
| Name of publisher, distributor, etc | University of Illinois Press |
| 260 ## - PUBLICATION, DISTRIBUTION, ETC. (IMPRINT) | |
| Date of publication, distribution, etc | 2018 |
| 300 ## - PHYSICAL DESCRIPTION | |
| Extent | Pages 283-293, Fall 2018 |
| 440 ## - SERIES STATEMENT/ADDED ENTRY--TITLE | |
| Title | Journal of Psychology |
| Volume number/sequential designation | 131 (3) |
| 650 ## - SUBJECT ADDED ENTRY--TOPICAL TERM | |
| Topical term or geographic name as entry element | Autobiographical memory |
| 650 ## - SUBJECT ADDED ENTRY--TOPICAL TERM | |
| Topical term or geographic name as entry element | Autobiographical memory organization |
| 650 ## - SUBJECT ADDED ENTRY--TOPICAL TERM | |
| Topical term or geographic name as entry element | Episodic memory |
| 650 ## - SUBJECT ADDED ENTRY--TOPICAL TERM | |
| Topical term or geographic name as entry element | episodic memory oraganization |
| Withdrawn status | Lost status | Damaged status | Home library | Current library | Date acquired | Total Checkouts | Date last seen | Price effective from | Koha item type |
|---|---|---|---|---|---|---|---|---|---|
| College Library | College Library | 05/11/2019 | 05/11/2019 | 05/11/2019 | Periodicals |